Effectif Principal Liverpool 2025/2026 Images - Statistiques

Statistiques générales
  • Ce quiz a été pris 36 fois
  • Le résultat moyen est 14 sur 16
Statistiques - réponses
Par images Réponse % Correct
Florian Wirtz
100%
Hugo Ekitiké
100%
Mohamed Salah
100%
Virgil Van Dijk
100%
Alexis Mac Allister
97%
Alisson Becker
97%
Cody Gakpo
97%
Federico Chiesa
97%
Ibrahima Konaté
93%
Jeremie Frimpong
93%
Andrew Robertson
83%
Curtis Jones
83%
Dominik Szoboszlai
83%
Ryan Gravenberch
76%
Conor Bradley
72%
Milos Kerkez
66%
Aucun quiz correspondant
Distribution des résultats
% des personnes avec chaque résultat
Percentile par nombre de réponses
Votre historique - résultats
Vous n’avez pas pris ce quiz